01321nam a22002897a 450000500170000000800410001702000150005804000070007304100120008008200200009210000260011224500970013825000070023526000420024230000300028452003510031465000210066565000320068665000340071865000180075265000360077065000340080670000280084094200120086899900190088095201320089920230712095326.0230712b ||||| |||| 00| 0 eng d a8185604827 cAL aEnglish 223a294.5bILAW aKancha Ilaiah9126498 aWhy I Am Not a Hindu: A Sudra Critique of Hindutva Philosophy Culture and Political Economy a2. aCalcuttabMandira Sen for Samyac2005 axii,163 p.bPBc21x14 cm. aIn this manifesto for the downtrodden, the author examines the socio-economic and cultural differences between the Dalitbahujans (the majority, the so-called low castes) and other Hindus in the contexts of childhood, family life, market relations, power relations, Gods and Goddesses, death and, not least, Hindutva (ideology of the Hindu Right). aHinduism9126499 aManners and customs9126500 aReligion and politics9126501 aIndia9126502 aPolitics and government9126503 aHinduism and politics9126504 aILAIAH (Kancha)9126505 2ddccDB c227812d227812 00102ddc40708OTHaALbALd2023-06-24l0o294.5 ILAWpD05967r2023-07-12 00:00:00w2023-07-12yDBzDonated by V.T. Rajshekar